The growing importance of building information modelling (BIM) (Record no. 114279)

MARC details
000 -LEADER
fixed length control field 00839cad a22001935a 4500
001 - CONTROL NUMBER
control field L156497
008 - FIXED-LENGTH DATA ELEMENTS--GENERAL INFORMATION
fixed length control field 120529s2012 xxk g 000 0 eng d
035 ## - SYSTEM CONTROL NUMBER
System control number (Sirsi) u156497
041 0# - LANGUAGE CODE
Language code of text/sound track or separate title eng
100 ## - MAIN ENTRY--PERSONAL NAME
Personal name Lian, Ong See
245 04 - TITLE STATEMENT
Title The growing importance of building information modelling (BIM)
Remainder of title presentation to FIG
Medium [electronic resource]
260 ## - PUBLICATION, DISTRIBUTION, ETC.
Place of publication, distribution, etc. S.l.
Name of publisher, distributor, etc. RICS
Date of publication, distribution, etc. 2012
520 ## - SUMMARY, ETC.
Summary, etc. This short presentation explains what building information modelling (BIM) is and its different types of appilcations. It also shows the growth of BIM in the UK; what BIM does and its relevance to the surveying profession.
650 24 - SUBJECT ADDED ENTRY--TOPICAL TERM
Topical term or geographic name entry element BIM
9 (RLIN) 6219
651 #4 - SUBJECT ADDED ENTRY--GEOGRAPHIC NAME
Geographic name International
690 ## - LOCAL SUBJECT ADDED ENTRY--TOPICAL TERM (OCLC, RLIN)
Topical term or geographic name as entry element BIM
9 (RLIN) 6219
856 40 - ELECTRONIC LOCATION AND ACCESS
Uniform Resource Identifier <a href="https://www.fig.net/pub/fig2012/ppt/ps03/ps03_ong_6246_ppt.pdf">https://www.fig.net/pub/fig2012/ppt/ps03/ps03_ong_6246_ppt.pdf</a>
Public note View the presentation free of charge at www.fig.net
942 ## - ADDED ENTRY ELEMENTS (KOHA)
Suppress in OPAC 0
Holdings
Withdrawn status Lost status Source of classification or shelving scheme Damaged status Not for loan Home library Current library Shelving location Date acquired Total Checkouts Full call number Barcode Date last seen Copy number Price effective from Koha item type
    Dewey Decimal Classification     Virtual Virtual Online 29/05/2012   ONLINE PUBLICATION 156497-2001 06/08/2019 1 06/08/2019 Book